Advances In Landscape Architecture. (Record no. 17156)

MARC details
000 -LEADER
fixed length control field 00396nam a2200157Ia 4500
008 - FIXED-LENGTH DATA ELEMENTS--GENERAL INFORMATION
fixed length control field 220803s9999 xx 000 0 und d
020 ## - INTERNATIONAL STANDARD BOOK NUMBER
International Standard Book Number 9789535111672
041 ## - LANGUAGE CODE
Language code of text/sound track or separate title eng
082 ## - DEWEY DECIMAL CLASSIFICATION NUMBER
Classification number 712 OZY
100 ## - MAIN ENTRY--PERSONAL NAME
Personal name Ozyavuz M Ed.
9 (RLIN) 26944
245 ## - TITLE STATEMENT
Title Advances In Landscape Architecture.
260 ## - PUBLICATION, DISTRIBUTION, ETC. (IMPRINT)
Place of publication, distribution, etc. Croatia
Name of publisher, distributor, etc. Intech.
Date of publication, distribution, etc. 2016
300 ## - PHYSICAL DESCRIPTION
Extent 924p
500 ## - GENERAL NOTE
Keywords 35
650 ## - SUBJECT ADDED ENTRY--TOPICAL TERM
Topical term or geographic name as entry element Landscape Architecture
9 (RLIN) 26945
Holdings
Withdrawn status Lost status Damaged status Not for loan Collection code Home library Current library Shelving location Date acquired Vendor Cost, normal purchase price Full call number Barcode Date last seen Cost, replacement price Bill Date Koha item type Original Barcode
      Reference Book of B Arch Dr. Bhanuben Nanavati College of Architecture Dr. Bhanuben Nanavati College of Architecture   18/11/2019 Word Book Shop 18615.00 712 OZY BNCA-BK-11258 03/08/2022 18650.00 07/11/2019 Reference book B11258